000 00349nam a22001337a 4500
020 _qHB.
040 _cFIZZA ISHAQ
082 _a973.1
_bBER
100 _aDeVOTO,BERNARD.
_9134375
245 _aTHE COURSE OF EMPIRE /
_cBERNARD DeVOTO.
260 _aNEW YORK ;
_bHOUGHTON MIFFLIN COMPANY,
_c1952.
300 _a647 P. ;
_c8.9X5.9IN
942 _2ddc
_cBK
999 _c617353
_d617353